000 00762cai a22001935a 4500
001 L152090
008 110201u2010 xxk g 000 0 eng d
035 _a(Sirsi) u152090
041 0 _aeng
110 2 _aEuropean Commission
_92292
245 0 0 _aConstruction
_brevision of the Construction Products Directive
_h[electronic resource]
260 _aBrussels
_bEuropean Commission
_c2010
520 _aSummary of progress to date and forthcoming modifications to the Directive.
590 _aKA NTK
651 4 _aEuropean Union
690 _aBUILT ENVIRONMENT-CONSTRUCTION MARKET
856 4 0 _uhttps://ec.europa.eu/enterprise/sectors/construction/documents/legislation/revision-cpd/index_en.htm
_zView the website free of charge at ec.europa.eu
942 _n0
999 _c120892
_d120892